000 00599nam a2200241Ia 4500
003 OSt
005 20221007071928.0
006 a|||||r|||| 00| 0
007 ta
008 221006b |||||||| |||| 00| 0 eng d
024 _a14,487
037 _cTextual
040 _aFLL
_cFLL
_beng
041 _2eng
_aeng
082 _aX:57z7, L0
100 _aEinzig Paul
245 0 _aForeign exchange crises
250 _a2nd
260 _aLondon
_bMacmillan London
_c1970
300 _axii,204p
_ccm.
942 _hX:57z7, L0
_cTEXL
_2CC
999 _c1144696
_d1144696